Jitro kouzelníků : úvod do fantastického realismu / Jacques Bergier, Louis Pauwels ; [přeložil Jiří Konůpek]
Record details
- ISBN: 80-205-0086-3
- Physical Description: 491 s. ; 20 cm
- Edition: Vyd. 2.
- Publisher: Praha : Svoboda, 1990
Content descriptions
| General Note: | Přeloženo z francouzštiny 250000 výt. |
| Linking Entry Complexity Note: | Reprint |
Search for related items by subject
| Subject: | nevysvětlené jevy poznání teorie poznání |
| Genre: | úvahy |
Available copies
- 2 of 2 copies available at Common Catalog SPOK.
Holds
- 0 current holds with 2 total copies.
Show All Copies
| Location | Call Number / Copy Notes | Barcode | Shelving Location | Status | Due Date |
|---|---|---|---|---|---|
| Hospic Dobrého Pastýře | BE-B
Tematická katagorie: Beletrie (BE) |
204595701544 | Knihovna | Available | - |
| Jabok Library | RE-2.2.7 | 424480006516 | Odborná literatura | Available | - |
| LDR | 01350nam a2200373 a 4500 | ||
|---|---|---|---|
| 001 | 5040 | ||
| 003 | CZ-PrJAB | ||
| 005 | 20220504095233.0 | ||
| 007 | ta | ||
| 008 | 910716s1990 xr 000 cze | ||
| 015 | . | ‡acnb000060419 | |
| 020 | . | ‡a80-205-0086-3 ‡q(brož.) : ‡cKčs 39,00 | |
| 035 | . | ‡a(CZ PrNK)ck9102352 | |
| 035 | . | ‡a(OCoLC)36472876 | |
| 040 | . | ‡aABA001 ‡bcze ‡dABA001 | |
| 041 | 1 | . | ‡acze ‡hfre |
| 080 | . | ‡a16 ‡2undef | |
| 100 | 1 | . | ‡aBergier, Jacques, ‡d1912-1978 ‡7ola2002103619 ‡4aut |
| 245 | 1 | 0. | ‡aJitro kouzelníků : ‡búvod do fantastického realismu / ‡cJacques Bergier, Louis Pauwels ; [přeložil Jiří Konůpek] |
| 250 | . | ‡aVyd. 2. | |
| 260 | . | ‡aPraha : ‡bSvoboda, ‡c1990 ‡f(Typografie) | |
| 300 | . | ‡a491 s. ; ‡c20 cm | |
| 500 | . | ‡aPřeloženo z francouzštiny | |
| 500 | . | ‡a250000 výt. | |
| 580 | . | ‡aReprint | |
| 650 | 7. | ‡anevysvětlené jevy ‡7ph117239 ‡2czenas | |
| 650 | 7. | ‡apoznání ‡7ph115851 ‡2czenas | |
| 650 | 7. | ‡ateorie poznání ‡7ph116428 ‡2czenas | |
| 655 | 7. | ‡aúvahy ‡7fd134000 ‡2czenas | |
| 700 | 1 | . | ‡aPauwels, Louis, ‡d1920-1997 ‡7jn20000604370 ‡4aut |
| 700 | 1 | . | ‡aKonůpek, Jiří, ‡d1919-1968 ‡7jk01061579 ‡4trl |
| 765 | 0 | . | ‡tMatin des magiciens ‡9Česky |
| 910 | . | ‡aABG312 | |
| 910 | . | ‡aBNE702 | |
| 964 | . | ‡apoznání - myšlení netradiční - esoterismus | |
| 964 | . | ‡avědy přírodní - vědy společenské - oblasti neprobádané - úvahy hypotetické | |
| 901 | . | ‡a5040 ‡bCZ-PrJAB ‡c5040 ‡tbiblio | |